Państwa bez żadnej rzeki - Statystyki

Ogólne statystyki
  • Ten quiz został rozwiązany 63 razy
  • Średni wynik to 11 z 18
Statystyki odpowiedzi
Państwo % Poprawnych
Watykan
90%
Katar
74%
Monako
72%
Kuwejt
70%
Malta
70%
Zjednoczone Emiraty Arabskie
67%
Arabia Saudyjska
62%
Bahrajn
62%
Jemen
62%
Nauru
62%
Tuvalu
62%
Oman
61%
Kiribati
54%
Wyspy Marshalla
54%
Malediwy
51%
Tonga
51%
Bahamy
44%
Komory
39%
Nie znaleziono quizów pasujących do podanych kryteriów
Rozkład punktacji
Procent ludzi z każdym wynikiem
Percentyl według liczby udzielonych odpowiedzi
Twoja historia wyników
Nie rozwiązałeś tego quizu